ბათუმის შოთა რუსთაველის სახელმწიფო უნივერსიტეტის ბიბლიოთეკა

The Boots Book of Home Wine Making and Brewing (ბიბ.ჩანაწერი № 47351)

000 -LEADER
fixed length control field 00470nam a2200193Ia 4500
001 - CONTROL NUMBER
control field 14212
003 - CONTROL NUMBER IDENTIFIER
control field GE_BSU
008 - FIXED-LENGTH DATA ELEMENTS--GENERAL INFORMATION
fixed length control field 181216s||||||||xx |||||||||||||| ||und||
040 ## - CATALOGING SOURCE
Transcribing agency GE_BSU
080 ## - UNIVERSAL DECIMAL CLASSIFICATION NUMBER
Universal Decimal Classification number 641
100 ## - MAIN ENTRY--PERSONAL NAME
Personal name Turner,B.C.A.
245 #4 - TITLE STATEMENT
Title The Boots Book of Home Wine Making and Brewing
260 ## - PUBLICATION, DISTRIBUTION, ETC.
Place of publication, distribution, etc. London
260 ## - PUBLICATION, DISTRIBUTION, ETC.
Name of publisher, distributor, etc. Wolfe Publishing LTD
260 ## - PUBLICATION, DISTRIBUTION, ETC.
Date of publication, distribution, etc. 1970
300 ## - PHYSICAL DESCRIPTION
Extent 192p.ill.
653 ## - INDEX TERM--UNCONTROLLED
Uncontrolled term The Boots Book of Home Wine Making and Brewing
942 ## - ADDED ENTRY ELEMENTS (KOHA)
Koha item type წიგნი
ეგზემპლარები
Withdrawn status Lost status Damaged status Not for loan Date acquired Barcode Date last seen Price effective from Koha item type
        2018-12-17 37386 2018-12-17 2018-12-17 წიგნი